Normal view
MARC view
- Russell, Nikki and Russell, Erin
Entry Corporate Name
001 - CONTROL NUMBER
- control field: 110179
003 - CONTROL NUMBER IDENTIFIER
- control field: NUST
005 - DATE AND TIME OF LATEST TRANSACTION
- control field: 20230313122629.0
008 - FIXED-LENGTH DATA ELEMENTS
- fixed length control field: 230313|| aca||aabn | a|a d
040 ## - CATALOGING SOURCE
- Original cataloging agency: NUST
- Transcribing agency: NUST
110 ## - HEADING--CORPORATE NAME
- Corporate name or jurisdiction name as entry element: Russell, Nikki and Russell, Erin
670 ## - SOURCE DATA FOUND
- Source citation: Work cat.: (NUST): Russell, Rachel Renée 110178, Puppy love, 2015.
